Pelos caminhos do mundo (Record no. 46092)

MARC details
000 -Etiqueta do registo
Valores 00394nam a2200169 4500
100 ## - Dados gerais de processamento
Dados gerais 20260508 pory50
101 ## - Língua de publicação
Língua por
102 ## - País de publicação
País BR
200 ## - Titulo e menção de responsabilidade
Título próprio Pelos caminhos do mundo
Informação de outro título Poesias e contos
Primeira menção de responsabilidade Wandercy de Carvalho
210 ## - Publicação
Local de publicação Rio de Janeiro
Nome do editor [S.n.]
Data de publicação 1988
215 ## - Descrição física 
Paginação / Volumes 71 p.
675 ## - CDU
Notação 82-1
675 ## - CDU
Notação 82-34
801 ## - Fonte de origem
País PT
Regras de catalogação RPC
990 ## - Elementos KOHA
Tipo de documento Livro
Holdings
Aquisição Empréstimo Código de barras Cota Permissão de empréstimo Tipo de documento
Biblioteca Escolar Doutor Hernâni Cidade Biblioteca Escolar Doutor Hernâni Cidade 82987 82-1 CAR POESIA   Livro

Powered by Koha